Indikátor ekonomiky, ktorý sa nedá oklamať O perspektívach komoditných búrz na Slovensku

Rozhovor s generálnym sekretárom Slovenskej poľnohospodárskej burzy (SPB) v Bratislave. História vzniku SPB v roku 1992 ak súkromno-právnej inštitúcie. Poslanie burzy a obchodovanie s poľnohospodárskymi komoditami. Stavba ceny a faktory vplývajúce na tvorbu ceny. Termínové obchody. Ďalšie perspektív...

Descrizione completa

Salvato in:
Dettagli Bibliografici
Autore principale: Babják, M.
Altri autori: Pumová, A.
Natura: Capitolo di libro
Lingua:slovacco
Soggetti:
Tags: Aggiungi Tag
Nessun Tag, puoi essere il primo ad aggiungerne!!

MARC

LEADER 00000naa a2200000 4500
001 r014853
005 20221213083048.8
041 0 |a slo 
044 |a CZ 
245 1 0 |a Indikátor ekonomiky, ktorý sa nedá oklamať  |b O perspektívach komoditných búrz na Slovensku  |c M. Babják, A. Pumová 
520 |a Rozhovor s generálnym sekretárom Slovenskej poľnohospodárskej burzy (SPB) v Bratislave. História vzniku SPB v roku 1992 ak súkromno-právnej inštitúcie. Poslanie burzy a obchodovanie s poľnohospodárskymi komoditami. Stavba ceny a faktory vplývajúce na tvorbu ceny. Termínové obchody. Ďalšie perspektívy fungovania burzy. 
610 2 0 |a Slovenská poľnohospodárska burza Bratislava 
610 2 0 |a burzy 
610 2 0 |a burzy plodinové 
610 2 0 |a komodity 
610 2 0 |a obchody burzové 
610 2 0 |a ceny burzové 
610 2 0 |a obchody termínové 
100 1 |a Babják, M. 
700 1 |a Pumová, A.